000 01462cam a2200373 a 4500
003 CHAP
005 20220817043625.0
008 000223d mx r 00010 spa d
010 _a80038
011 _a81010
035 _a91469
040 _cCHAP
082 0 4 _a614
_bC4
100 0 0 _aChávez, Adolfo
_eed.
_922800
245 1 3 _aLa vigilancia epidemiológica de la nutrición :
_bnuevos conceptos y avances metodológicos
_c/ed. por A. Chávez
260 _aMéxico, D.F. :
_bInstituto Nacional de la Nutrición "Salvador Zubirán". División de Nutrición de Comunidad,
_c1990.
300 _a135 p. ;
_bcuadros ; mapas
410 2 _aInstituto Nacional de la Nutrición "Salvador Zubirán".
_bDivisión de Nutrición de Comunidad
490 0 _aMonografía
_v; L-84
590 _aBATCH-UPD
_b10
_c20130110
_lUCH01
_h0044
590 _aBATCH-UPD
_b10
_c20130110
_lUCH01
_h0835
590 _aBATCH-UPD
_b10
_c20130409
_lUCH01
_h2030
590 _aBATCH-UPD
_b10
_c20130410
_lUCH01
_h0513
590 _aBATCH-UPD
_b10
_c20130914
_lUCH01
_h0927
590 _aCONVERSION
_b10
_c20130109
_lUCH01
_h1344
650 1 4 _aEpidemiología.
650 1 4 _aNutrición.
_982246
810 0 0 _aInstituto Nacional de la Nutrición "Salvador Zubirán".
_bDivisión de Nutrición de Comunidad
_959373
830 0 _aMonografía
_v; L-84
_977546
901 _aBK
905 _aAlejandra Carrasco M.
942 _cLIBRO
949 _a614 C4
_bBC
_cLIBRO
_d33724000743076
_eLIBRO
_h96323
_i91469
_sb
999 _c80038
_d80038